• 首页
  • 本馆介绍
  • 公告通知
  • 最新文献
  • 馆藏检索
  • 电子资源
  • 读者导购
  • 参考咨询
  • 我的图书馆
  • 登录
  • 详细信息显示
  • 放入我的书架
  • 预约/预借图书
  • 作者相关作品
  • 分类相关作品
  • 丛书相关作品
  • 出版社相关作品

书目信息

  • 表格格式
  • 工作单格式
  • 卡片格式
题名:
过敏性疾病(变态反应)140个怎么办
    
 
作者: 顾瑞金 编著
分册:  
出版信息: 北京   中国协和医科大学出版社  2005
页数: 221页
开本: 20cm
丛书名: 协和医生答疑丛书
单 册:
中图分类: R593.1
科图分类:
主题词: 变态反应病--基本知识
电子资源:
ISBN: 7-81072-520-3
000 01224nam0 2200361 450
000 01187nam0 2200349 450
000 01150nam0 2200337 450
000 01114nam0 2200325 450
000 01087nam0 2200313 450
000 01055nam0 2200313 450
000 01001nam0 2200289 450
000 01019nam0 2200277 450
000 00982nam0 2200265 45
001 TS2006039651
005 20061217104454.37
010    @a7-81072-520-3@dCNY14.00
100    @a20060829d2005 emky0chiy120 ea
101 0  @achi
105    @aa z 000yy
200 1  @a过敏性疾病(变态反应)140个怎么办@AGuo Min Xing Ji Bing( Bian Tai Fan Ying) 140 Ge Zen Me Ban ( Di 2 Ban )@f顾瑞金编著@FGu Rui Jin Bian Zhu
205    @a第2版
210    @a北京@c中国协和医科大学出版社@d2005
215    @a221页@c图@d20cm
225 2  @a协和医生答疑丛书
330    @a本书介绍过敏性疾病(变态反应)基本概念及常见变态反应疾病。
410  0 @12001 @a协和医生答疑丛书
606 0  @a变态反应病@x基本知识
690    @aR593.1@v4
701  0 @a顾瑞金@AGu Rui Jin@4编著
801  0 @aCN@b中图数据@c20061217
905    @a10447@dR593.1@e84=2
    
    过敏性疾病(变态反应)140个怎么办/顾瑞金编著.-第2版.-北京:中国协和医科大学出版社,2005
    221页:图;20cm.-(协和医生答疑丛书)
    
    
    ISBN 7-81072-520-3:CNY14.00
    本书介绍过敏性疾病(变态反应)基本概念及常见变态反应疾病。
●
相关链接 在E读中查询图书 在五车中查询图书 在当当中查询图书 在豆瓣中查询图书


正题名:过敏性疾病(变态反应)140个怎么办     索取号:R593.1/84=2         预约/预借

序号 登录号 条形码 馆藏地/架位号 状态 备注
1 0618289   206182897   第二样本阅览室/ [索取号:R593.1/84=2] 在馆    
2 0618290   206182904   第三借阅区/ [索取号:R593.1/84=2] 在馆    
3 0618291   206182913   第三借阅区/ [索取号:R593.1/84=2] 在馆    
4 0618292   206182922   第三借阅区/ [索取号:R593.1/84=2] 在馆    
5 0618293   206182931   第三借阅区/ [索取号:R593.1/84=2] 在馆    
唐山师范学院图书馆 欢迎您!
大连网信软件有限公司© 版权所有